Fiction an Introduction

שמור ב:
מידע ביבליוגרפי
מחבר ראשי: Diyanni, Robert
פורמט: ספר
שפה:English
יצא לאור: McGraw Hill Companies Inc 2000
נושאים:
תגים: הוספת תג
אין תגיות, היה/י הראשונ/ה לתייג את הרשומה!
Thư viện lưu trữ: Mạng thư viện Đại học Đà Nẵng
LEADER 00884nam a22002651a 4500
001 000034834
003 11051
005 20151027134510.0
008 151027s2000 000 eng
020 |a 9780072295078 
041 |a eng 
082 |a 492.803  |b DI-R 
100 |a Diyanni, Robert 
245 |a Fiction an Introduction  |c Robert Diyanni 
260 |a McGraw Hill Companies Inc  |c 2000 
300 |a 431p. : ill ; 25cm 
650 |a Fiction an Introduction, Fiction, Story 
OWN |a LNN 
AVA |a UDN50  |b LNN  |d 492.803 DI-R  |e available  |t Error 5001 Not defined in file expand_doc_bib_avail.  |f 1  |g 0  |h N  |i 0  |k 1 
999 |a From the UDN01 
AVA |a UDN50  |b LNN  |d 492.803 DI-R  |e available  |t Error 5001 Not defined in file expand_doc_bib_avail.  |f 1  |g 0  |h N  |i 0  |k 1 
TYP |a Monograph 
980 |a Mạng thư viện Đại học Đà Nẵng